01005nam a2200277 a 4500001000400000003001000004005001700014008004100031020001800072040002500090080001700115090001800132100004100150245008900191260003800280300002000318504002500338650001800363650002500381650002900406650002300435942001200458952012200470952012200592999001300714667BR-CuiBMT20231113210440.0230824s2022 mgb 000 0 por d a9786555182965 aBR-CuiBMTcBR-CuiBMT a340.1222007 a340.12bG963m1 aGuimarães, Eduardo Medina, d1967-12aA moral do dano /cEduardo Medina Guimarães ; prefácio, Fábio Medina Osório. aBelo Horizonte :bFórum,c2022. a137 p. ;c22 cm aInclui bibliografia. aDireito civil aFilosofia do direito aTeoria geral do processo aDireito processual 2udccLV 00102udc4070aBIBTCEMTbBIBTCEMTd2023-11-13l0o340.12 G963mpBIBTCEMT23110506r2023-11-13tEx. 1w2023-11-13yLV 00102udc4070aBIBTCEMTbBIBTCEMTd2023-11-13l0o340.12 G963mpBIBTCEMT23110535r2023-11-13tEx. 2w2023-11-13yLV c667d667